01564nam a2200325 i 4500003000400000005001700004008004100021020003800062040002500100082001200125090001600137100002600153245009300179246003900272246008100311264005000392300006600442336002100508337002500529338002300554500002000577520038800597650005300985650005401038650005801092655002401150700003401174942001101208999001901219OSt20260507123243.0260507s2025 enkao br 001 0 eng d a9780241733318cRM 72.95qhardback aPPAKbengcPPAKerda04223a61200a612bYOUdK1 aYoung, Emma,eauthor.10aWhat if... YOU DIDN'T make SNOT? / cWritten by EMMA YOUNG ; Iillustrated by SUPER FREAK30aWhat if... you did not make snot? 34aWhat if... you didn't make snot? : band other amazing human body questions  1aLondon : bDorling Kindersley Limited, c2025 a69 pages :bcolour illustrations, colour photographs ;c28 cm atext2rdacontent aunmediated2rdamedia avolume2rdacarrier aIncludes index. aAnswers to 33 crazy and laugh-out-loud questions about the human body from science author Emma Young What would happen if you never slept? Or if your blood turned blue? Or your bones turned to jelly? Find out the answers to these questions and many more with science author Emma Young! Prepare to learn all about the human body from blood vessels to the brain and nerves to nutrients10aHuman body vMiscellanea vJuvenile literature. 20aHuman anatomy vMiscellanea vJuvenile literature20aHuman physiology vMiscellaneavJuvenile literature.  7aIllustrated works. 1 aFreak, Super, eillustrator.  2ddccB c204126d204126